000 00315 a2200109 4500
001 ART_39592
005 20260410162000.0
008 260409a
245 1 0 _akant y la escuela de Maha-Kasyapa
100 1 _aGómez Farías, Alberto
773 0 _tPropuestas
_g- Año 1, Nº 2 (dic. 1995)
_wREV28258
999 _c31214
_d31214